Entry Personal Name
Number of records used in: 2
001 - CONTROL NUMBER
003 - CONTROL NUMBER IDENTIFIER
005 - DATE AND TIME OF LATEST TRANSACTION
- control field:
20200120143119.0
008 - FIXED-LENGTH DATA ELEMENTS
- fixed length control field:
850701n| acannaab| |n aaa |||
010 ## - LIBRARY OF CONGRESS CONTROL NUMBER
- LC control number:
n 85058457
040 ## - CATALOGING SOURCE
- Original cataloging agency:
DLC
- Transcribing agency:
DLC
100 10 - HEADING--PERSONAL NAME
- Personal name:
Closs, David J.
670 ## - SOURCE DATA FOUND
- Source citation:
Bowersox, D.J. Logistical management, c1986:
- Information found:
CIP t.p. (David J. Closs, Michigan State University)